| 000 | 00680nam a2200181 a 4500 | ||
|---|---|---|---|
| 008 | 210212s2005 ||||||||||||||||| || u | ||
| 020 | _a9780393937329 | ||
| 050 | _aJC 75 .D36 Obe | ||
| 100 | _aCarnes, Mark C | ||
| 245 | 1 | 4 |
_aThe threshold of democracy : Athens in 403 B.C. _cBy Josiah Ober; Mark C. Carnes |
| 260 |
_aNew York _bNorton _c2005 |
||
| 300 | _avii, 118 pages : illustrations | ||
| 650 | _aDEMOCRACY | ||
| 650 | _aGREECE--ANTHENS | ||
| 650 | _aPOLITICS AND GOVERNMENT | ||
| 700 | _aOber, Josiah | ||
| 995 |
_D64.82 _FCBU-MAIN LIBRARY (Kitwe) _M1 _UAVAILABLE _WFeb 18, 2021 _ZMain Library Open Access Collection |
||
| 999 |
_c59887 _d59887 |
||